Anderlecht Best Scorer By Year - Statistics

General Stats
  • This quiz has been taken 298 times
    4 since last reset
  • The average score is 17 of 48
Answer Stats
Player % Correct
Kasper Dolberg
100%
Paul Van Himst
100%
Romelu Lukaku
100%
Godfried van den Boer
75%
Jan Mulder
75%
Luc Nilis
75%
Rob Rensenbrink
75%
Ahmed Hassan
50%
Anders Dreyer
50%
Aruna Dindane
50%
Dieumerci Mbokani
50%
Erwin Vandenbergh
50%
François Van Der Elst
50%
Gilles De Bilde
50%
Jan Koller
50%
Joshua Zirkzee
50%
Lukas Nmecha
50%
Łukasz Teodorczyk
50%
Thorgan Hazard
50%
Tomasz Radzinski
50%
Aleksandar Mitrović
25%
Alex Czerniatynski
25%
Islam Slimani
25%
Ivan Santini
25%
Johnny Bosman
25%
Joseph Mermans
25%
Kenneth Brylle
25%
Marc Degryse
25%
M'barek Boussoufa
25%
Mbo Mpenza
25%
Michel Vlap
25%
Mohamed Tchité
25%
Nenad Jestrović
25%
Nicolás Frutos
25%
Ruud Geels
25%
Stefano Okaka
25%
Arnor Gudjohnsen
0%
Attila Ladinsky
0%
Eddie Krncevic
0%
Gaston De Wael
0%
Hippolyte Van Den Bosch
0%
Jacques Stockman
0%
Johan Devrindt
0%
Josip Weber
0%
Ole Martin Årst
0%
Pär Zetterberg
0%
Ronny Martens
0%
Willy Geurts
0%
No matching quizzes found
Score Distribution
Percent of People with Each Score
Percentile by Number Answered
Your Score History
You have not taken this quiz since the last reset